| 000 | 01130nam a2200385 i 4500 | ||
|---|---|---|---|
| 001 | 0011326 | ||
| 003 | DO-SdBPM | ||
| 005 | 20260304123822.0 | ||
| 007 | ta | ||
| 008 | 880226s2011 sp | || spa | ||
| 015 | _a | ||
| 017 |
_a _b |
||
| 020 | _a9789870403500 | ||
| 035 | _a | ||
| 040 |
_aDO-SdBPM _bspa _cBPMSU _e rda _d |
||
| 082 | 4 |
_a853.91 _bR685c 2011 _222 |
|
| 100 | 1 |
_aRodari, Gianni _d1920-1980 _eautora _4aut. |
|
| 245 | 1 | 0 |
_aCuentos para jugar / _cGianni Rodari ; ilustraciones de Gianni Peg _h |
| 250 | _a5a. ed. | ||
| 260 |
_a _b |
||
| 264 |
_aMadrid : _bAlfaguara, _c2011 |
||
| 300 |
_a163 páginas : _bilustraciones ; _c23 cm |
||
| 336 |
_atexto _btxt _2rdacontent |
||
| 337 |
_asin mediación _bn _2rdamedia |
||
| 338 |
_avolumen _bnc _2rdacarrier |
||
| 490 | 0 | _aJuvenil Alfaguara, | |
| 500 | _a | ||
| 590 | _aInventariado, 2026/VM | ||
| 650 | 7 | _aCuentos infantiles italianos | |
| 650 | 7 | _aLiteratura infantil italiana | |
| 700 | 1 |
_aSantos, Carmen _etraductor |
|
| 700 | 1 |
_aPeg, Gianni _eilustracione |
|
| 910 | _aVMateo V. Control de calidad. BPMSU | ||
| 942 |
_2ddc _cBK |
||
| 999 |
_c15743 _d15743 |
||